000
00335 a2200157 4500
001
191132
020
_a
978-85-342-3613-3
040
_c
Magnum
100
_a
Belém, Valéria
240
1
0
_a
O espelho de lelê
_l
por
245
1
0
_a
O espelho de lelê
300
_a
23
362
0
_a
2013
697
_a
LITERATURA INFANTO
942
_c
BK
999
_c
191132
_d
191132